MLB Strikeout Leaders - Statistics

General Stats
  • This quiz has been taken 38 times
  • The average score is 30 of 50
Answer Stats
# Team Answer % Correct
4875 SEA Randy Johnson
100%
3509 WSH Walter Johnson
100%
5714 ANA Nolan Ryan
96%
3371 ATL Greg Maddux
93%
3220 DET Justin Verlander
93%
3640 NYM Tom Seaver
93%
2882 LAD Clayton Kershaw
89%
3232 WSN Max Scherzer
89%
4872 BOS Roger Clemens
89%
2803 CLV Cy Young
85%
3084 ATL John Smoltz
85%
3154 BOS Pedro Martinez
85%
3117 STL Bob Gibson
81%
4136 PHI Steve Carlton
81%
2607 ATL Tom Glavine
81%
3574 LAD Don Sutton
78%
2581 CLE Bob Feller
74%
3342 ATL Phil Niekro
74%
3701 MIN Bert Blyleven
70%
3192 CHC Fergie Jenkins
70%
3116 PHI Curt Schilling
67%
2507 NYG Christy Mathewson
63%
2486 LAD Don Drysdale
63%
3093 NYY CC Sabathia
59%
2929 KCR Zack Greinke
59%
2448 NYY Andy Pettitte
56%
2560 PHI Cole Hamels
52%
2668 NYM David Cone
52%
2524 SEA Felix Hernandez
52%
3534 SFG Gaylord Perry
52%
2416 BOS Luis Tiant
52%
2832 DET Mikey Lolich
52%
2773 DET Frank Tanana
48%
2813 BAL Mike Mussina
48%
2583 MLN Warren Spahn
48%
2478 DET Jack Morris
44%
2556 NYM Jerry Koosman
44%
2401 OAK Dennis Eckersley
41%
2461 MIN Jim Kaat
41%
2441 SEA Jamie Moyer
37%
2397 TEX Kevin Brown
37%
2535 CLE Bartolo Colon
33%
2610 ANA Chuck Finley
33%
2855 DET Jim Bunning
33%
2513 FLA A.J. Burnett
30%
2488 BOS Jon Lester
30%
2464 ANA Mark Langston
26%
2564 NYG Tim Keefe
22%
2536 MON Javier Vazquez
19%
2453 CLE Sam McDowell
19%
No matching quizzes found
Score Distribution
Percent of People with Each Score
Percentile by Number Answered
Your Score History
You have not taken this quiz